| 000 | 00613nam a22002057a 4500 | ||
|---|---|---|---|
| 999 |
_c5052 _d5052 |
||
| 001 | 20116 | ||
| 003 | BD-DhUAP | ||
| 005 | 20201129150210.0 | ||
| 008 | 201126s2017 bana|||| |||| 001 0 eng d | ||
| 040 |
_aBD-DhUAP _bEng _cBD-DhUAP _dBD-DhUAP |
||
| 082 |
_223 _a615.1 MIM |
||
| 245 |
_aMIMS : _bBangladesh master index of medical specialties / _cedited by Mobin Khan ... [et al.]. |
||
| 250 | _a37th ed. | ||
| 260 |
_aDhaka, Bangladesh : _bPharmaMedica, _cc2017. |
||
| 300 |
_a460 pages : _billustrations ; _c21 cm. |
||
| 500 | _aIncludes index. | ||
| 650 | _aDrugs. | ||
| 700 | _aKhan, Mobin. | ||
| 942 |
_2ddc _cBK |
||